Nghề cổ truyền.
Sparad:
| Materialtyp: | Sách giấy |
|---|---|
| Språk: | Vietnamese |
| Publicerad: |
H. :
Thời đại,
2012.
|
| Ämnen: | |
| Taggar: |
Lägg till en tagg
Inga taggar, Lägg till första taggen!
|
| Thư viện lưu trữ: | Thư viện Trường Đại học Đà Lạt |
|---|
| LEADER | 00637nam a2200289 4500 | ||
|---|---|---|---|
| 001 | DLU120141459 | ||
| 005 | ##20120927 | ||
| 020 | # | # | |a 9786049282256 |
| 040 | # | # | |a DLU |b vie |
| 041 | # | # | |a vie |
| 044 | # | # | |a vn |
| 082 | # | # | |a 745.5 |b Ngh |
| 245 | # | # | |a Nghề cổ truyền. |
| 260 | # | # | |a H. : |b Thời đại, |c 2012. |
| 300 | # | # | |a 403 tr. ; |c 21 cm. |
| 650 | # | # | |a Nghề thủ công |z Việt Nam. |
| 923 | # | # | |a 05/2012 |
| 991 | # | # | |a SH |
| 992 | # | # | |a 17000 |
| 994 | # | # | |a DLU |
| 900 | # | # | |a True |
| 911 | # | # | |a Đào Thị Thu Huyền |
| 925 | # | # | |a G |
| 926 | # | # | |a A |
| 927 | # | # | |a SH |
| 980 | # | # | |a Thư viện Trường Đại học Đà Lạt |


